000 00571cam a22002291 4500
001 sa 67005768
003 DLC
005 20260227112400.0
008 890626m19669999ii 000 0 orio
010 _asa 67005768
035 _a(OCoLC)19928964
040 _aDLC
_cWaU
_dDLC
042 _apremarc
043 _aa-ii---
050 0 0 _aPK2571
_b.M26
100 1 _aMahanti, Brajamohan.
245 1 0 _aOḍiā sāhityare ādhunika yuga.
260 _c[1966?-
300 _a v.
_c22 cm.
500 _aIn Oriya.
650 0 _aOriya literature
_xHistory and criticism.
999 _c75435
_d75435